| 000 | 00000nam 2200000za 4500 |
| 001 | 9.694917 |
| 003 | CaOODSP |
| 005 | 20240717141716 |
| 007 | cr ||||||||||| |
| 008 | 150407|2002||||xxc|||||o f|0| 0 eng d |
| 040 | |aCaOODSP|beng |
| 043 | |an-cn--- |
| 086 | 1 |aBT22-80/2002E-RTF |
| 110 | 1 |aCanada. |bTreasury Board. |
| 245 | 10|aCommunications policy of the Government of Canada |h[electronic resource] |
| 260 | |aOttawa - Ontario : |bTreasury Board of Canada Secretariat |cApril 1, 2002. |
| 300 | |a48p.|btables |
| 590 | |a11-17-Supp|b2011-09-12 |
| 690 | 07|aGovernment policy|2gcpds |
| 690 | 07|aCommunications|2gcpds |
| 690 | 07|aFederal government|2gcpds |
| 775 | 08|tPolitique de communication du gouvernement du Canada |w(CaOODSP)9.639084 |
| 856 | 40|ahttp://publications.gc.ca|qRich Text|s5387 KB|uhttps://publications.gc.ca/collections/collection_2011/sct-tbs/BT22-80-2002-eng.rtf |